00570nam a2200181 a 450000100100000000500170001000800410002704000250006808200150009310000160010824500810012426000390020530000330024450000220027750000280029950000300032770000310035700004019020201002033954.0130814s1993 xxua 001 0 spa d aDO-SdBNPbengcBNPHU axxxxbxxxx1 aO'Day, Kate10aAdobe photoshop :blimited edition /cKate O'Day, Judith Walthers von Alten. aEstados Unidos :b[s.n.],c[1993]. axiii, 177 p :bil. ;c23 cm. aIncludes glossary aUser guide and tutorial aVersion 2.5 for macintosh1 aWalthers von Alten, Judith